000 00403cam a22001575a 4500
001 J101018
008 000000s1934 xxk 000 0 eng u
035 _a(Sirsi) u101018
110 _aChartered Surveyors' Institution
_92274
245 _aConference of agricultural members, December 1934.
260 _c1934
300 _a50p.
651 4 _aUnited Kingdom
_y
690 _aRural
_96268
942 _n0
999 _c99986
_d99986